The Joys of Motherhood (Record no. 4689)

MARC details
000 -LEADER
fixed length control field 00483nam a22001577a 4500
008 - FIXED-LENGTH DATA ELEMENTS--GENERAL INFORMATION
fixed length control field 260423b |||||||| |||| 00| 0 eng d
020 ## - INTERNATIONAL STANDARD BOOK NUMBER
ISBN 9780435913540
100 ## - MAIN ENTRY--AUTHOR
Author Buchi Emecheta
245 ## - TITLE STATEMENT
Title The Joys of Motherhood
260 ## - PUBLICATION, DISTRIBUTION, ETC. (IMPRINT)
Place of publication LONDON
Name of publisher PEARSON EDUCATION LIMITED
Date of publication 2008
300 ## - COLLATION
Pagination vii, 254p.
650 ## - TRACINGS
Main Subject English Literature
Subdivision (1st) African literature in English
Subdivision (2nd) Motherhood and gender roles in African society
942 ## - ADDED ENTRY ELEMENTS (KOHA)
Item type Books
050 ## - LIBRARY OF CONGRESS CALL NUMBER
Classification number PR9387.9
Item number .E46
Holdings
Source of classification or shelving scheme Not for loan Permanent location Current location Date acquired Accession No. Full call number Barcode. Copy number Koha item type
Library of Congress Classification   Samuel Ogbemudia Main Library, University of Abuja Samuel Ogbemudia Main Library, University of Abuja 04/23/2026 2026/71828-30 & 38 PR9387.9 .E46 2026-0182 6 Books